UM Logo

A positive proportion of thue equations fail the integral Hasse principle / (Record no. 20590)

MARC details
000 -LEADER
fixed length control field 00887nam a22002177a 4500
003 - CONTROL NUMBER IDENTIFIER
control field OSt
005 - DATE AND TIME OF LATEST TRANSACTION
control field 20251126185941.0
008 - FIXED-LENGTH DATA ELEMENTS--GENERAL INFORMATION
fixed length control field 240817b ||||| |||| 00| 0 eng d
040 ## - CATALOGING SOURCE
Transcribing agency 0
082 ## - DEWEY DECIMAL CLASSIFICATION NUMBER
Classification number DPer 510.5 Am351 February - April 2019 v. 141 n. 1-2
100 ## - MAIN ENTRY--PERSONAL NAME
Personal name Akhtari, Shabnam.
Relator term author.
9 (RLIN) 58126
245 ## - TITLE STATEMENT
Title A positive proportion of thue equations fail the integral Hasse principle /
Statement of responsibility, etc. Shabnam Akhtari and Manjul Bhargava.
260 ## - PUBLICATION, DISTRIBUTION, ETC. (IMPRINT)
Place of publication, distribution, etc. Baltimore, Maryland U.S. ;
Name of publisher, distributor, etc. Johns Hopkins University Press ,
Date of publication, distribution, etc. April 2019.
300 ## - PHYSICAL DESCRIPTION
Extent Volume 141, pages 283-307.
Other physical details illustration ;
Dimensions 26 cm.
500 ## - GENERAL NOTE
General note American Journal of Mathematics, vol. 141, no. 2, pages 283-308, April 2019.
650 #0 - SUBJECT ADDED ENTRY--TOPICAL TERM
Topical term or geographic name as entry element Mathematics.
9 (RLIN) 1041
650 #0 - SUBJECT ADDED ENTRY--TOPICAL TERM
Topical term or geographic name as entry element Binary system (Mathematics).
9 (RLIN) 47696
700 ## - ADDED ENTRY--PERSONAL NAME
Personal name Akhtari, Shabnam.
Relator term author.
9 (RLIN) 58126
700 ## - ADDED ENTRY--PERSONAL NAME
Personal name Bhargava, Manjul.
Relator term author.
9 (RLIN) 58127
942 ## - ADDED ENTRY ELEMENTS (KOHA)
Source of classification or shelving scheme Dewey Decimal Classification
Koha item type Periodicals
Holdings
Withdrawn status Lost status Source of classification or shelving scheme Damaged status Not for loan Collection code Home library Current library Date acquired Total Checkouts Full call number Date last seen Price effective from Koha item type Public note
    Dewey Decimal Classification     Periodicals UM Digos College - LIC UM Digos College - LIC 08/17/2024   DPer 510.5 Am351 February - April 2019 v. 141 n. 1-2 08/17/2024 08/17/2024 Periodicals Periodical Article